SIGN LANGUAGES: STRUCTURES AND CONTEXTS (Record no. 216614)
[ view plain ]
| 000 -LEADER | |
|---|---|
| fixed length control field | 00531nam a22001817a 4500 |
| 008 - FIXED-LENGTH DATA ELEMENTS--GENERAL INFORMATION | |
| fixed length control field | 260224b |||||||| |||| 00| 0 eng d |
| 020 ## - INTERNATIONAL STANDARD BOOK NUMBER | |
| International Standard Book Number | 978-1-138-08917-4 |
| 050 ## - LIBRARY OF CONGRESS CALL NUMBER | |
| Classification number | HV 2474 .H 55 2019 |
| 100 ## - MAIN ENTRY--PERSONAL NAME | |
| Personal name | HILL, JOSEPH C. |
| 245 ## - TITLE STATEMENT | |
| Title | SIGN LANGUAGES: STRUCTURES AND CONTEXTS |
| 260 ## - PUBLICATION, DISTRIBUTION, ETC. | |
| Place of publication, distribution, etc. | LONDON, |
| Name of publisher, distributor, etc. | ROUTLEDGE TAILOR & FRANCIS GROUP, |
| Date of publication, distribution, etc. | 2019, |
| 300 ## - PHYSICAL DESCRIPTION | |
| Extent | Xi, 215 p, ill |
| 500 ## - GENERAL NOTE | |
| General note | INCLUDES INDEX |
| 650 ## - SUBJECT ADDED ENTRY | |
| Topical term or geographic name entry element | SIGN LANGUANGES |
| 700 ## - ADDED ENTRY--PERSONAL NAME | |
| Personal name | LILO-MARTIN DIANE C, WOOD SANDRA K |
| 942 ## - ADDED ENTRY ELEMENTS (KOHA) | |
| Source of classification or shelving scheme | Library of Congress Classification |
| Koha item type | Long Loan Book |
| Withdrawn status | Lost status | Source of classification or shelving scheme | Damaged status | Not for loan | Collection | Home library | Current library | Shelving location | Date acquired | Inventory number | Total checkouts | Full call number | Barcode | Date last seen | Copy number | Price effective from | Koha item type |
|---|---|---|---|---|---|---|---|---|---|---|---|---|---|---|---|---|---|
| Library of Congress Classification | Arts & Social Sciences | Kisii University Library | Kisii University Library | On Display | 02/24/2026 | 111997 | HV 2474 .H55 2019 | A001473 | 02/24/2026 | 1 | 02/24/2026 | Long Loan Book | |||||
| Library of Congress Classification | Arts & Social Sciences | Kisii University Library | Kisii University Library | On Display | 02/24/2026 | 111998 | HV 2474 .H55 2019 | A001471 | 02/24/2026 | 2 | 02/24/2026 | Long Loan Book | |||||
| Library of Congress Classification | Arts & Social Sciences | Kisii University Library | Kisii University Library | On Display | 02/24/2026 | 111999 | HV 2474 .H55 2019 | A001469 | 02/24/2026 | 3 | 02/24/2026 | Long Loan Book | |||||
| Library of Congress Classification | Arts & Social Sciences | Kisii University Library | Kisii University Library | On Display | 02/24/2026 | 112000 | HV 2474 .H55 2019 | A001467 | 02/24/2026 | 4 | 02/24/2026 | Long Loan Book | |||||
| Library of Congress Classification | Arts & Social Sciences | Kisii University Library | Kisii University Library | On Display | 02/24/2026 | 112001 | HV 2474 .H55 2019 | A001475 | 02/24/2026 | 5 | 02/24/2026 | Long Loan Book |